01214nam a2200253 i 4500001001000000003000900010005001700019007000300036008004100039040003000080041000800110082002300118100004800141245005600189264006900245300002700314336002700341337003300368338002800401505041200429600005200841650002600893650004100919000027697DO-SdBNP20250724140831.0ta110404s1946 ag 000 | spa d aDO-SdBNPbspacBNPHUerda aspa 4a940.3bH519ó2221 aHenríquez Ureña, Max,d1885-1968eautor10aOratoria de dos guerras /cMax Henríquez Ureña. 4aBuenos Aires, Argentina :bTalleres Gráficos Americaleec1946. a59 páginas ;c20 cm. atextobtxt2rdacontent asin mediaciónbn2rdamedia avolumenbnc2rdacarrier a1914-1918: Francia y el genio latino, 9 -- Bélgica y las pequeñas nacionalidades, 15 -- Bélgica ante América, 19-- Interludio: El continente de la esperanza, 25 -- 1939-1945: América ante la crisis mundial, 31 -- Presencia y síntesis de las guerra , 37 -- El legado de la cultura, 48 -- La tradición democrática del municipio, 51 -- La democracia, hija del libro, 55 Toque de Diana, 58, --10aHenríquez Ureña, Max,d1885-1968xDiscursos 4aDiscursos políticos 4aGuerra Mundial, 1939-1945xDiscursos